LEADER 00924nam0-22003011i-450- 001 990000432910403321 005 20001010 035 $a000043291 035 $aFED01000043291 035 $a(Aleph)000043291FED01 035 $a000043291 100 $a20001010d--------km-y0itay50------ba 101 0 $aita 105 $ay-------001yy 200 1 $aComsolidamento e ristrutturazione dei vecchi edifici$eproblemi tecnico- costruttivi$fGiuseppe Cigni 215 $a284 p.$cill.$d24 cm 300 $aSul frontespizio è riportato : Università di Roma - Facoltà di Architettura . 610 0 $aRecupero Edilizio 676 $a720.28 700 1$aCigni,$bGiuseppe$03169 801 0$aIT$bUNINA$gRICA$2UNIMARC 901 $aBK 912 $a990000432910403321 952 $a08 CC 217$b3784$fDINED 959 $aDINED 996 $aComsolidamento e ristrutturazione dei vecchi edifici$9327600 997 $aUNINA DB $aING01 LEADER 01205nlm0 22003491i 450 001 990009794690403321 005 20131126110745.0 010 $a9783527635818$bonline 035 $a000979469 035 $aFED01000979469 035 $a(Aleph)000979469FED01 035 $a000979469 100 $a20131126d2011----km-y0itay0103----ba 101 0 $aeng 135 $adrnn-008mamaa 200 1 $aHandbook of biodegradable polymers$bRisorsa elettronica$esynthesis, characterization, and applications$fedited by Andreas Lendlein and Adam Sisson 210 $aWeinheim$cWiley-VCH$d2011 230 $aDocumento elettronico 300 $aSulla piattaforma Wiley il sottotitolo del volume: isolation, synthesis, characterization, and applications 336 $aTesto 337 $aFormato pdf 610 0 $aPolimeri 610 0 $aPolimerizzazione 676 $a620.192 702 1$aLendlein,$bAndreas 702 1$aSisson,$bAdam L. 801 0$aIT$bUNINA$gREICAT$2UNIMARC 856 4 $zFull text per gli utenti Federico II$uhttp://onlinelibrary.wiley.com/book/10.1002/9783527635818 901 $aEB 912 $a990009794690403321 996 $aHandbook of biodegradable polymers$9836642 997 $aUNINA